[Event "CAN-ch U20 U1800"]
[Site "Toronto CAN"]
[Date "2019.08.09"]
[Round "4.25"]
[White "Yang, Brett"]
[Black "Wang, Derek"]
[Result "1/2-1/2"]
[WhiteElo "1575"]
[BlackElo "1370"]
[PlyCount "52"]
[EventDate "2019.08.08"]
[EventType "swiss"]
[EventRounds "8"]
[EventCountry "CAN"]

1. c4 e6 2. d4 c5 3. d5 Nf6 4. Nc3 exd5 5. cxd5 d6 6. Nf3 Bf5 7. Bg5 Nbd7 8. e3
Be7 9. Be2 Qb6 10. b3 Qb4 11. Qd2 h6 12. Bf4 Nh5 13. Bg3 Nxg3 14. hxg3 Bf6 15.
Rc1 Rc8 16. Nb5 Qxd2+ 17. Nxd2 Ke7 18. Nc4 Bg6 19. Ncxd6 Ra8 20. Nc4 a6 21. d6+
Kd8 22. Nc7 Rc8 23. Bf3 Rxc7 24. dxc7+ Kxc7 25. O-O b5 26. Nd2 Bb2 1/2-1/2

[Event "CAN-ch U20 U1800"]
[Site "Toronto CAN"]
[Date "2019.08.09"]
[Round "4.26"]
[White "Selva, Karthik B"]
[Black "Mugunthan, Vaamanan"]
[Result "1-0"]
[WhiteElo "1768"]
[BlackElo "1508"]
[PlyCount "49"]
[EventDate "2019.08.08"]
[EventType "swiss"]
[EventRounds "8"]
[EventCountry "CAN"]

1. d4 Nf6 2. Bf4 d5 3. Nf3 e6 4. e3 Nc6 5. Bd3 Bd6 6. Bg3 O-O 7. Nbd2 Re8 8. c3
e5 9. dxe5 Nxe5 10. Nxe5 Bxe5 11. Nf3 Bd6 12. Qc2 h6 13. O-O Be6 14. Nd4 g6 15.
Bxd6 Qxd6 16. Bxg6 Ng4 17. Bh7+ Kh8 18. g3 c5 19. Nxe6 fxe6 20. Bd3 e5 21. Be2
Rg8 22. Bf3 e4 23. Bg2 c4 24. Rfd1 Ne5 25. Bxe4 1-0

[Event "CAN-ch U20 U1800"]
[Site "Toronto CAN"]
[Date "2019.08.09"]
[Round "4.27"]
[White "Ruchinskaya, Valerie"]
[Black "Uthayakumar, Ronan"]
[Result "0-1"]
[WhiteElo "1460"]
[BlackElo "1704"]
[PlyCount "60"]
[EventDate "2019.08.08"]
[EventType "swiss"]
[EventRounds "8"]
[EventCountry "CAN"]

1. d4 d5 2. c4 e6 3. Nc3 c6 4. cxd5 exd5 5. Qc2 Nf6 6. Bg5 Be7 7. e3 O-O 8. Bd3
h6 9. Bh4 Re8 10. Nge2 b6 11. O-O Ba6 12. Bxa6 Nxa6 13. Qa4 Qc8 14. Rac1 Qb7
15. a3 Nc7 16. Rfd1 Ne6 17. h3 Rac8 18. Qb3 Ng5 19. Bxg5 hxg5 20. Rc2 Bd6 21.
Rdc1 g4 22. h4 g3 23. Nd1 gxf2+ 24. Nxf2 Re6 25. Qd3 Rce8 26. Nd1 Ng4 27. b4
Nxe3 28. Rxc6 Nc4 29. b5 Rxe2 30. Qf5 Re1+ 0-1

[Event "CAN-ch U20 U1800"]
[Site "Toronto CAN"]
[Date "2019.08.09"]
[Round "4.28"]
[White "Yang, Larry"]
[Black "Wang, Rachel"]
[Result "0-1"]
[WhiteElo "1378"]
[BlackElo "1646"]
[PlyCount "134"]
[EventDate "2019.08.08"]
[EventType "swiss"]
[EventRounds "8"]
[EventCountry "CAN"]

1. e4 c5 2. Nc3 Nc6 3. f4 e6 4. Nge2 Nge7 5. g3 g6 6. Bg2 d6 7. O-O Bg7 8. d3
O-O 9. h3 h5 10. Be3 Nd4 11. Rb1 Nec6 12. a3 b6 13. e5 Nxe2+ 14. Nxe2 Bb7 15.
exd6 Qxd6 16. Nc3 Qd7 17. Qd2 Nd4 18. Kh2 Nf5 19. Bf2 Bxg2 20. Kxg2 c4 21. Rfd1
Rad8 22. g4 hxg4 23. hxg4 Ne7 24. d4 e5 25. fxe5 Qxg4+ 26. Bg3 Bxe5 27. Qe3
Qxg3+ 28. Qxg3 Bxg3 29. Kxg3 Nf5+ 30. Kf2 Rxd4 31. Ne2 Rdd8 32. Rh1 Rd2 33. c3
Rxe2+ 34. Kxe2 Ng3+ 35. Kf3 Nxh1 36. Rxh1 Rd8 37. Ke2 Kf8 38. Rh4 b5 39. a4 a6
40. axb5 axb5 41. Rh8+ Ke7 42. Rh4 f5 43. Rh7+ Kf6 44. Rb7 Rd5 45. Kf3 Kg5 46.
Rb6 f4 47. Rb8 Re5 48. Rb6 Kf5 49. Kf2 g5 50. Rb8 Ke4 51. Rd8 Rd5 52. Re8+ Kd3
53. Re2 g4 54. Re6 Rf5 55. Re2 f3 56. Re3+ Kc2 57. Re4 Rg5 58. Re8 g3+ 59. Kxf3
g2 60. Re2+ Kb3 61. Rxg2 Rxg2 62. Kxg2 Kxb2 63. Kf2 Kxc3 64. Ke3 b4 65. Ke4 b3
66. Ke3 b2 67. Ke4 b1=Q+ 0-1

[Event "CAN-ch U20 U1800"]
[Site "Toronto CAN"]
[Date "2019.08.09"]
[Round "4.29"]
[White "Zuo, Roger"]
[Black "Stoica, Savas Marin"]
[Result "0-1"]
[WhiteElo "1235"]
[BlackElo "1605"]
[PlyCount "146"]
[EventDate "2019.08.08"]
[EventType "swiss"]
[EventRounds "8"]
[EventCountry "CAN"]

1. e4 c5 2. Nf3 d6 3. c3 e6 4. Bd3 Nc6 5. Bc2 Nf6 6. d4 cxd4 7. cxd4 Be7 8. Nc3
O-O 9. O-O a6 10. h3 b5 11. a3 Bb7 12. b4 Rc8 13. Bb2 Qb6 14. Ne2 Nb8 15. Rc1
Nxe4 16. Qd3 Nf6 17. Ng3 Nbd7 18. Rfe1 Rc7 19. Ng5 g6 20. Nf3 Rfc8 21. Bb1 Nd5
22. Qd2 Rxc1 23. Rxc1 Rxc1+ 24. Qxc1 Qc6 25. Qh6 Bf8 26. Qh4 Nc3 27. Bxc3 Qxc3
28. Qd8 Qc8 29. Qxc8 Bxc8 30. Ne4 Bb7 31. Kh2 h6 32. g4 f5 33. gxf5 gxf5 34.
Ned2 Nb6 35. Ba2 Kf7 36. Kg3 Kf6 37. h4 e5 38. dxe5+ dxe5 39. Ne1 Bd6 40. Kh2
e4+ 41. Kg1 Be5 42. Nc2 f4 43. Nb3 Bd5 44. Nc1 Bxa2 45. Nxa2 Bb2 46. Kg2 Nc4
47. Kh3 h5 48. Kg2 Ke5 49. Kf1 Nxa3 50. Nxa3 Bxa3 51. Ke2 Kd4 52. Kd2 Kc4 53.
Ke2 Kb3 54. f3 exf3+ 55. Kxf3 Kxa2 56. Kxf4 Bxb4 57. Kg5 Be7+ 58. Kxh5 Bxh4 59.
Kxh4 b4 60. Kg3 b3 61. Kf2 b2 62. Ke2 b1=Q 63. Ke3 Kb3 64. Kd4 a5 65. Kd5 a4
66. Kd4 a3 67. Kd5 a2 68. Kd4 a1=Q+ 69. Kd5 Qd3+ 70. Kc6 Qac3+ 71. Kb6 Qd6+ 72.
Kb7 Qcc7+ 73. Ka8 Qa6# 0-1

[Event "CAN-ch U20 U1800"]
[Site "Toronto CAN"]
[Date "2019.08.09"]
[Round "4.30"]
[White "Zhong, April Yunwei"]
[Black "Gao, Lucy"]
[Result "0-1"]
[WhiteElo "1376"]
[BlackElo "1628"]
[PlyCount "142"]
[EventDate "2019.08.08"]
[EventType "swiss"]
[EventRounds "8"]
[EventCountry "CAN"]

1. d4 Nf6 2. Nf3 e6 3. Bf4 Bd6 4. Bg3 Qe7 5. e3 Bxg3 6. hxg3 Qb4+ 7. Nc3 Qxb2
8. Nb5 Qb4+ 9. Qd2 Qxd2+ 10. Kxd2 Na6 11. Bd3 d5 12. Rab1 Ke7 13. Ne5 Nd7 14.
Nf3 c6 15. Nc3 Nc7 16. g4 Ne8 17. g5 Nd6 18. g6 fxg6 19. Bxg6 h6 20. Rh2 Rf8
21. Ke2 Rf6 22. Bd3 Rf8 23. Bg6 Nf6 24. Ne5 Nc4 25. Nd3 Nd6 26. Ne5 Bd7 27. Bd3
Be8 28. Bg6 Bd7 29. Bd3 Kd8 30. Na4 b6 31. Ng6 Re8 32. Rhh1 Nde4 33. Rb3 c5 34.
Bb5 Bxb5+ 35. Rxb5 cxd4 36. exd4 Rc8 37. Rb2 Rc4 38. Nxb6 axb6 39. Rc1 Rxd4 40.
c3 Rc4 41. Rbc2 Ng4 42. f3 Ng3+ 43. Kd2 Nh2 44. Ne5 Rc5 45. Ke1 Nhf1 46. Kf2
Ke7 47. Nd3 Ra5 48. Ne5 Rc5 49. a3 Ra8 50. Ra2 d4 51. Nd3 Rxc3 52. Rxc3 dxc3
53. Nb4 Kd6 54. Nc2 Kc5 55. Nb4 Kc4 56. Nc6 Kb3 57. Nb4 Rxa3 58. Rxa3+ Kxa3 59.
Nc2+ Kb2 60. Ne1 c2 61. Nd3+ Kb1 62. f4 c1=Q 63. Nxc1 Kxc1 64. Kf3 b5 65. Kg4
b4 66. Kh4 b3 67. Kh3 b2 68. f5 b1=Q 69. Kh4 Qe4+ 70. Kh3 Qxf5+ 71. Kh4 Qh5#
0-1

[Event "CAN-ch U20 U1800"]
[Site "Toronto CAN"]
[Date "2019.08.09"]
[Round "4.31"]
[White "Zhuang, Winnie"]
[Black "Zhu, Ricky"]
[Result "0-1"]
[WhiteElo "1537"]
[BlackElo "1481"]
[PlyCount "108"]
[EventDate "2019.08.08"]
[EventType "swiss"]
[EventRounds "8"]
[EventCountry "CAN"]

1. e4 c5 2. Nf3 d6 3. d4 cxd4 4. Nxd4 Nf6 5. Nc3 a6 6. f3 Nbd7 7. Be3 Qc7 8.
Qd2 e6 9. Be2 Be7 10. O-O-O O-O 11. g4 Ne5 12. h4 Nfd7 13. h5 Nb6 14. g5 Nbc4
15. Bxc4 Nxc4 16. Qe2 Nxe3 17. Qxe3 b5 18. Rhg1 Bd7 19. g6 fxg6 20. hxg6 h6 21.
Kb1 Qc5 22. Qe2 b4 23. Nxe6 Bxe6 24. Nd5 Bxd5 25. exd5 Bf6 26. Rh1 Rfe8 27. Qd2
Qe3 28. Qxe3 Rxe3 29. Rhf1 Rae8 30. Kc1 Re2 31. Rd2 Bxb2+ 32. Kd1 Rxd2+ 33.
Kxd2 Re5 34. Kd3 Bc3 35. Rf2 Rxd5+ 36. Kc4 Rd2 37. Rxd2 Bxd2 38. Kd5 Bf4 39.
Ke6 Kf8 40. Kf5 Be5 41. Ke6 Ke8 42. Kf5 Kd7 43. Ke4 Kc6 44. Kf5 Bf6 45. f4 Kc5
46. Ke6 d5 47. f5 d4 48. Kf7 Kc4 49. Ke6 h5 50. Kd6 a5 51. Kd7 h4 52. Ke8 h3
53. Kf7 h2 54. Kg8 h1=Q 0-1

[Event "CAN-ch U20 U1800"]
[Site "Toronto CAN"]
[Date "2019.08.09"]
[Round "4.32"]
[White "Wang, Andrew"]
[Black "Dey, Jan Marten"]
[Result "1/2-1/2"]
[WhiteElo "1495"]
[BlackElo "1381"]
[PlyCount "60"]
[EventDate "2019.08.08"]
[EventType "swiss"]
[EventRounds "8"]
[EventCountry "CAN"]

1. e4 c6 2. d4 d5 3. Nc3 dxe4 4. Nxe4 Bf5 5. Ng3 Bg6 6. h4 h6 7. Nf3 e6 8. h5
Bh7 9. Bd3 Bxd3 10. Qxd3 Bd6 11. Be3 Nf6 12. O-O-O Nbd7 13. Kb1 a5 14. Ne2 a4
15. Nc3 a3 16. b3 Nd5 17. Bd2 Qc7 18. Rde1 N7f6 19. Nh4 O-O-O 20. Nf3 c5 21.
Nb5 Qb6 22. Nxa3 cxd4 23. Nc4 Qa6 24. Ba5 Nc3+ 25. Bxc3 dxc3 26. Qxc3 Kb8 27.
Nfe5 Nd5 28. Qf3 Bb4 29. Re3 Nxe3 30. Qxe3 Rhf8 1/2-1/2

[Event "CAN-ch U20 U1800"]
[Site "Toronto CAN"]
[Date "2019.08.09"]
[Round "4.33"]
[White "Chen, Vincent"]
[Black "Yao, Henry"]
[Result "1-0"]
[WhiteElo "1368"]
[BlackElo "1475"]
[PlyCount "79"]
[EventDate "2019.08.08"]
[EventType "swiss"]
[EventRounds "8"]
[EventCountry "CAN"]

1. Nf3 Nf6 2. g3 g6 3. Bg2 Bg7 4. d3 d6 5. O-O O-O 6. c4 c5 7. Nc3 Nc6 8. e3 e6
9. d4 cxd4 10. exd4 d5 11. c5 b6 12. Bf4 bxc5 13. dxc5 Re8 14. Nb5 Ba6 15. a4
Rb8 16. Bxb8 Qxb8 17. Nd6 Bxf1 18. Nxe8 Bxg2 19. Nxf6+ Bxf6 20. Kxg2 Qd8 21.
Rb1 a5 22. Ne1 Be7 23. Nd3 Qb8 24. f4 Qb7 25. Kg1 Qa7 26. Qc2 Nd4 27. Qf2 Nc6
28. Rc1 Qc7 29. Ne5 Nxe5 30. fxe5 Qxe5 31. c6 Qc7 32. Qf4 e5 33. Qf2 d4 34. Qe2
Bd6 35. Qb5 Kf8 36. Qd5 Ke7 37. Qb5 Kf8 38. Qb7 Ke7 39. Rc5 d3 40. Rd5 1-0

[Event "CAN-ch U20 U1800"]
[Site "Toronto CAN"]
[Date "2019.08.09"]
[Round "4.34"]
[White "Zhang, Joyce"]
[Black "Sokol, Anna"]
[Result "1/2-1/2"]
[WhiteElo "1339"]
[BlackElo "1588"]
[PlyCount "150"]
[EventDate "2019.08.08"]
[EventType "swiss"]
[EventRounds "8"]
[EventCountry "CAN"]

1. e4 e6 2. d4 d5 3. Nd2 Nf6 4. e5 Nfd7 5. Ne2 c5 6. c3 Nc6 7. Nf3 cxd4 8. cxd4
f6 9. exf6 Qxf6 10. Bg5 Qf7 11. Nc3 a6 12. Be2 Bd6 13. O-O O-O 14. Qd2 b5 15.
h3 Nb6 16. Qc2 Nb4 17. Qb3 Qg6 18. a3 Nc6 19. Be3 Nc4 20. Bc1 Bd7 21. Qd1 b4
22. axb4 Nxb4 23. Na4 Bb5 24. b3 Na5 25. Bxb5 axb5 26. Nb2 Nc2 27. Ra2 Nxb3 28.
Rxa8 Rxa8 29. Ne5 Bxe5 30. dxe5 Nxc1 31. Qxc1 b4 32. Qd2 b3 33. Qc3 Rb8 34. Rd1
Qe8 35. Rd3 Qb5 36. Rd1 h6 37. g4 d4 38. Qd2 Ra8 39. Kg2 Qxe5 40. Qd3 Qd5+ 41.
Kg1 e5 42. Nc4 Qc5 43. Nxe5 Qxe5 44. Qxb3+ Kh8 45. Qxc2 Rd8 46. Qd3 Qf4 47. Kg2
Qe5 48. Qg3 Qd5+ 49. Qf3 Qe5 50. Qd3 Qf4 51. f3 Qf6 52. Kg3 Qe5+ 53. f4 Qf6 54.
Qf5 Qb6 55. Qd3 Qf6 56. Qc4 Qd6 57. Qd3 Qf6 58. h4 Qd6 59. g5 g6 60. gxh6 Kh7
61. h5 Kxh6 62. Qxg6+ Qxg6+ 63. hxg6 Kxg6 64. Kf3 Kf5 65. Rd2 Rd7 66. Rh2 Rd8
67. Rh5+ Kg6 68. Rg5+ Kf6 69. Ke4 d3 70. Rg1 d2 71. Rd1 Re8+ 72. Kf3 Rd8 73.
Ke3 Kf5 74. Rxd2 Rxd2 75. Kxd2 Kxf4 1/2-1/2

[Event "CAN-ch U20 U1800"]
[Site "Toronto CAN"]
[Date "2019.08.09"]
[Round "4.35"]
[White "Lin, Ethan"]
[Black "Jeyakumar, Yathushan"]
[Result "1/2-1/2"]
[WhiteElo "1448"]
[BlackElo "1442"]
[PlyCount "89"]
[EventDate "2019.08.08"]
[EventType "swiss"]
[EventRounds "8"]
[EventCountry "CAN"]

1. e4 c5 2. Nf3 e6 3. d4 cxd4 4. Nxd4 Nf6 5. Nc3 Bb4 6. Bd3 Qc7 7. Bd2 a6 8.
O-O O-O 9. a3 Be7 10. f4 Bc5 11. Nce2 Nc6 12. c3 Qb6 13. Kh1 Nxd4 14. Nxd4 Bxd4
15. cxd4 Qxd4 16. Bc3 Qc5 17. Bb4 Qd4 18. Bxf8 Kxf8 19. e5 Nd5 20. Qd2 b5 21.
Rad1 Ne3 22. Qf2 Qa7 23. Qh4 Bb7 24. Rd2 Nxf1 25. Bxf1 Be4 26. Qe1 Bd5 27. Rc2
Qd4 28. Qb4+ Qxb4 29. axb4 Ke7 30. Kg1 Kd8 31. Kf2 Rc8 32. Rc3 Bc4 33. Bxc4
Rxc4 34. Rxc4 bxc4 35. Ke3 Kc7 36. Kd4 d6 37. exd6+ Kxd6 38. Kxc4 Kc6 39. g4 f6
40. b5+ axb5+ 41. Kd4 Kd6 42. h4 h6 43. h5 e5+ 44. Ke4 Ke6 45. b4 1/2-1/2

[Event "CAN-ch U20 U1800"]
[Site "Toronto CAN"]
[Date "2019.08.09"]
[Round "4.36"]
[White "Khan, Riley"]
[Black "Singh, Anya"]
[Result "1-0"]
[WhiteElo "1445"]
[BlackElo "1243"]
[PlyCount "77"]
[EventDate "2019.08.08"]
[EventType "swiss"]
[EventRounds "8"]
[EventCountry "CAN"]

1. e4 c5 2. Nf3 d6 3. Nc3 Nf6 4. d4 cxd4 5. Nxd4 g6 6. Be2 Bg7 7. O-O Nc6 8.
Be3 O-O 9. Qd2 Bd7 10. Rad1 Ng4 11. Bxg4 Bxg4 12. f3 Bd7 13. Nde2 Ne5 14. b3
Rc8 15. Nd5 b6 16. Nd4 Bc6 17. c4 Qd7 18. Bh6 b5 19. Nxc6 Qxc6 20. Nxe7+ Kh8
21. Bxg7+ Kxg7 22. Nxc6 Rxc6 23. cxb5 Rb6 24. Qc3 Kg8 25. Qc7 Rxb5 26. Rxd6 a5
27. Rfd1 Kg7 28. Rd8 Rxd8 29. Rxd8 a4 30. Rd5 Rxd5 31. exd5 Nd3 32. Qc3+ f6 33.
Qxd3 axb3 34. axb3 h5 35. d6 g5 36. d7 h4 37. d8=Q h3 38. Qe7+ Kh6 39. Qeh7#
1-0

[Event "CAN-ch U20 U1800"]
[Site "Toronto CAN"]
[Date "2019.08.09"]
[Round "4.37"]
[White "Prasanna, Shreyas"]
[Black "Kaleem, Shayaan"]
[Result "1/2-1/2"]
[WhiteElo "1412"]
[BlackElo "1387"]
[PlyCount "69"]
[EventDate "2019.08.08"]
[EventType "swiss"]
[EventRounds "8"]
[EventCountry "CAN"]

1. e4 c5 2. Nf3 d6 3. d4 cxd4 4. Nxd4 Nf6 5. Nc3 a6 6. Be3 e5 7. Nb3 Be7 8. a4
Be6 9. Be2 O-O 10. O-O Qc7 11. f4 Nc6 12. f5 Bc8 13. a5 Rd8 14. Bb6 Qd7 15.
Bxd8 Qxd8 16. Bf3 b6 17. Nd5 Nxd5 18. Qxd5 Bb7 19. axb6 Qxb6+ 20. Kh1 Nd4 21.
Qa5 Qa7 22. Nxd4 exd4 23. e5 dxe5 24. Qxe5 Bf6 25. Qa5 Bxf3 26. Rxf3 d3 27.
Rxd3 Qf2 28. Rd2 Qe3 29. Rad1 Re8 30. h3 h6 31. c4 Be5 32. Rd7 Qg3 33. Kg1 Qh2+
34. Kf2 Qf4+ 35. Kg1 1/2-1/2

[Event "CAN-ch U20 U1800"]
[Site "Toronto CAN"]
[Date "2019.08.09"]
[Round "4.38"]
[White "Yang, Lefan"]
[Black "Zhou, Johnson"]
[Result "0-1"]
[WhiteElo "1394"]
[BlackElo "1358"]
[PlyCount "52"]
[EventDate "2019.08.08"]
[EventType "swiss"]
[EventRounds "8"]
[EventCountry "CAN"]

1. d4 d5 2. Nf3 Nf6 3. Bf4 e6 4. e3 c5 5. c3 Nc6 6. Nbd2 Be7 7. Bd3 O-O 8. h4
cxd4 9. exd4 b6 10. Qc2 h6 11. Bb5 Bd7 12. Bxc6 Bxc6 13. Ne5 Bb5 14. h5 Bd6 15.
f3 Nd7 16. Nxf7 Rxf7 17. Bxd6 Qg5 18. Nf1 Bxf1 19. Kxf1 Nf6 20. Qg6 Qd2 21. Ba3
Ne4 22. Kg1 Qf2+ 23. Kh2 Rxf3 24. Qxe6+ Kh8 25. Qxd5 Rh3+ 26. Kxh3 Qg3# 0-1

[Event "CAN-ch U20 U1800"]
[Site "Toronto CAN"]
[Date "2019.08.09"]
[Round "4.39"]
[White "Guo, Anni"]
[Black "Xu, Xinge"]
[Result "1-0"]
[WhiteElo "1300"]
[BlackElo "1282"]
[PlyCount "173"]
[EventDate "2019.08.08"]
[EventType "swiss"]
[EventRounds "8"]
[EventCountry "CAN"]

1. e4 c5 2. Nf3 Nc6 3. d4 cxd4 4. Nxd4 Nf6 5. f3 e5 6. Nb3 d6 7. Nc3 Be6 8. Bg5
h6 9. Bh4 Be7 10. Bb5 O-O 11. O-O Nh5 12. Bxe7 Qxe7 13. Ne2 Rfd8 14. Qe1 Qc7
15. Bd3 a6 16. Ng3 Nf4 17. Rd1 Rd7 18. Ne2 Ng6 19. f4 Bg4 20. f5 Nf4 21. h3
Qb6+ 22. Kh2 Bxe2 23. Bxe2 Rc8 24. c3 Na5 25. Nxa5 Qxa5 26. Bg4 Qxa2 27. Rd2
Rcd8 28. g3 Nd3 29. Rxd3 Qxb2+ 30. Rf2 Qb5 31. Rd5 Qb3 32. Qd2 f6 33. Bd1 Qc4
34. Re2 Kf8 35. Qb2 Ke7 36. Re3 Qc6 37. Qe2 Qb6 38. Red3 Kf8 39. Ba4 Rc7 40.
Qa2 Rc5 41. Rxc5 Qxc5 42. Qb2 b5 43. Bd1 Qc4 44. Re3 Qc5 45. Re2 Rc8 46. Rc2
Qc4 47. Qb4 Qxb4 48. cxb4 Rxc2+ 49. Bxc2 Ke7 50. Bb3 Kd7 51. Bd5 Kc7 52. Kg2
Kb6 53. Kf3 a5 54. bxa5+ Kxa5 55. Kg4 b4 56. Kh5 Ka4 57. Kg6 b3 58. Bxb3+ Kxb3
59. Kxg7 d5 60. exd5 e4 61. d6 e3 62. d7 e2 63. d8=Q e1=Q 64. Qb6+ Kc2 65. Qc5+
Kb2 66. Qd4+ Kb3 67. Qd3+ Kb4 68. Kxf6 Qa1+ 69. Ke6 Qe1+ 70. Kd5 Qc1 71. f6
Qg5+ 72. Ke6 Qc1 73. Qd6+ Kb3 74. f7 Qc8+ 75. Ke7 Qb7+ 76. Kf8 Qc8+ 77. Kg7
Qc3+ 78. Kxh6 Qe3+ 79. Kh5 Qe2+ 80. g4 Qb5+ 81. Kh4 Qb7 82. f8=Q Qh7+ 83. Qfh6
Qe4 84. Qb6+ Ka2 85. Qd2+ Ka3 86. Qdb2+ Ka4 87. Q2b3# 1-0

[Event "CAN-ch U20 U1800"]
[Site "Toronto CAN"]
[Date "2019.08.10"]
[Round "5.19"]
[White "Petrovic, Milos"]
[Black "Jeyakumar, Bhavatharshan"]
[Result "1-0"]
[WhiteElo "1610"]
[BlackElo "1657"]
[PlyCount "63"]
[EventDate "2019.08.08"]
[EventType "swiss"]
[EventRounds "8"]
[EventCountry "CAN"]

1. e4 c5 2. Nc3 a6 3. f4 b5 4. Nf3 Bb7 5. d3 e6 6. a4 b4 7. Ne2 d5 8. e5 Ne7 9.
Ng3 h5 10. h4 Ng6 11. c3 Nc6 12. Bd2 a5 13. d4 Be7 14. Bd3 Nxh4 15. Nxh4 Bxh4
16. Qf3 cxd4 17. c4 dxc4 18. Bxc4 Bxg3+ 19. Qxg3 g6 20. Bb5 Qd5 21. Rc1 Qe4+
22. Kf2 Rc8 23. Rc5 Kf8 24. Bd3 Qd5 25. Rxd5 exd5 26. Rc1 Ne7 27. Qg5 Rc6 28.
Rxc6 Bxc6 29. Qf6 Rg8 30. Bb5 Be8 31. e6 Rg7 32. Bxe8 1-0

[Event "CAN-ch U20 U1800"]
[Site "Toronto CAN"]
[Date "2019.08.10"]
[Round "5.20"]
[White "Wang, Rachel"]
[Black "Wang, Eric"]
[Result "1-0"]
[WhiteElo "1646"]
[BlackElo "1530"]
[PlyCount "69"]
[EventDate "2019.08.08"]
[EventType "swiss"]
[EventRounds "8"]
[EventCountry "CAN"]

1. d4 d5 2. c4 e6 3. Nf3 Nf6 4. Nc3 Be7 5. Bg5 h6 6. Bh4 O-O 7. e3 Nbd7 8. cxd5
exd5 9. Bd3 c6 10. O-O Re8 11. Rc1 b6 12. Qc2 Bb7 13. Rfd1 c5 14. Bf5 c4 15. b3
Ba3 16. Rb1 a6 17. bxc4 dxc4 18. Bxd7 Qxd7 19. Rxb6 Bxf3 20. gxf3 Bd6 21. Bxf6
Bxh2+ 22. Kxh2 Qc7+ 23. Be5 Qxb6 24. Rg1 g6 25. Nd5 Qc6 26. Nf6+ Kf8 27. Nxe8
Rxe8 28. Qe4 Qb5 29. Bd6+ Kg8 30. Qc2 Qh5+ 31. Kg2 Qg5+ 32. Kf1 Qf6 33. Bc5 Kg7
34. Ke2 Qe6 35. Rc1 1-0

[Event "CAN-ch U20 U1800"]
[Site "Toronto CAN"]
[Date "2019.08.10"]
[Round "5.21"]
[White "Uthayakumar, Ronan"]
[Black "Selva, Karthik B"]
[Result "0-1"]
[WhiteElo "1704"]
[BlackElo "1768"]
[PlyCount "60"]
[EventDate "2019.08.08"]
[EventType "swiss"]
[EventRounds "8"]
[EventCountry "CAN"]

1. e4 d6 2. d4 Nf6 3. Nc3 g6 4. f3 c6 5. Be3 b5 6. Qd2 Nbd7 7. a3 a6 8. Nge2
Qc7 9. g3 Rb8 10. Bg2 Bb7 11. O-O Nb6 12. b3 Bg7 13. Rac1 O-O 14. Bh6 Rbd8 15.
Bxg7 Kxg7 16. f4 e5 17. d5 cxd5 18. fxe5 dxe5 19. exd5 Nbxd5 20. Nxd5 Nxd5 21.
Qg5 f6 22. Qh4 Ne3 23. Bxb7 Nxf1 24. Bxa6 Qb6+ 25. Kxf1 Qxa6 26. Qb4 Rf7 27. c4
bxc4 28. Rxc4 Rd1+ 29. Kg2 Qa8+ 30. Kh3 Qf3 0-1

[Event "CAN-ch U20 U1800"]
[Site "Toronto CAN"]
[Date "2019.08.10"]
[Round "5.22"]
[White "Srinivas, Atharva"]
[Black "Stoica, Savas Marin"]
[Result "0-1"]
[WhiteElo "1720"]
[BlackElo "1605"]
[PlyCount "88"]
[EventDate "2019.08.08"]
[EventType "swiss"]
[EventRounds "8"]
[EventCountry "CAN"]

1. e4 e5 2. Nf3 Nc6 3. Bb5 a6 4. Ba4 Nf6 5. O-O Be7 6. Re1 b5 7. Bb3 O-O 8. h3
d6 9. c3 Na5 10. Bc2 c5 11. d4 Qc7 12. Nbd2 cxd4 13. cxd4 Nc6 14. d5 Nb4 15.
Bb3 a5 16. a4 Ba6 17. Nf1 Nd7 18. axb5 Bxb5 19. Ba4 Bxf1 20. Rxf1 Nc5 21. Bc2
Qb7 22. Be3 Rfc8 23. Bxc5 Rxc5 24. Ba4 f5 25. Qb3 fxe4 26. Bc6 Qc8 27. Bxa8
exf3 28. Bc6 Nc2 29. Rad1 fxg2 30. Kxg2 Nd4 31. Qa2 Qf5 32. Qa3 Qe4+ 33. f3
Rc2+ 34. Rf2 Rxf2+ 35. Kxf2 Qe2+ 36. Kg3 Qxd1 37. Kg2 Qe2+ 38. Kg3 Qf1 39. h4
Qg1+ 40. Kh3 Qh1+ 41. Kg3 Bxh4+ 42. Kg4 h5+ 43. Kxh5 Bf6+ 44. Kg4 Qh4# 0-1

[Event "CAN-ch U20 U1800"]
[Site "Toronto CAN"]
[Date "2019.08.10"]
[Round "5.23"]
[White "Wang, Derek"]
[Black "Darvekar, Yash"]
[Result "1/2-1/2"]
[WhiteElo "1370"]
[BlackElo "1628"]
[PlyCount "62"]
[EventDate "2019.08.08"]
[EventType "swiss"]
[EventRounds "8"]
[EventCountry "CAN"]

1. Nf3 d5 2. c4 c6 3. d4 Nf6 4. Nc3 e6 5. Bf4 Nbd7 6. e3 Qa5 7. a3 Ne4 8. Qb3
Ndf6 9. Be2 Nxc3 10. bxc3 Ne4 11. cxd5 Nxc3 12. dxc6 bxc6 13. Nd2 Ne4 14. Qc2
Qc3 15. Qxc3 Nxc3 16. Bf3 Nd5 17. Bg3 Bd7 18. Ne4 f5 19. Nd6+ Ke7 20. Be5 Rg8
21. Kd2 g5 22. h3 Nb6 23. Rhc1 Nd5 24. Rab1 Bg7 25. Rb7 Bxe5 26. dxe5 Rgb8 27.
Rcb1 Rxb7 28. Rxb7 c5 29. Bxd5 exd5 30. Nxf5+ Kd8 31. Nd6 Ke7 1/2-1/2

[Event "CAN-ch U20 U1800"]
[Site "Toronto CAN"]
[Date "2019.08.10"]
[Round "5.24"]
[White "Gao, Lucy"]
[Black "Chen, Vincent"]
[Result "1-0"]
[WhiteElo "1628"]
[BlackElo "1368"]
[PlyCount "43"]
[EventDate "2019.08.08"]
[EventType "swiss"]
[EventRounds "8"]
[EventCountry "CAN"]

1. e4 e6 2. d4 d5 3. Nc3 Nf6 4. Bg5 Bb4 5. Nge2 dxe4 6. a3 Bxc3+ 7. Nxc3 Nc6 8.
Bb5 Qd7 9. Bxf6 gxf6 10. Nxe4 Ke7 11. c3 Qd5 12. Bxc6 bxc6 13. Qf3 f5 14. Ng5
Qb3 15. Qxc6 Bd7 16. Qc5+ Kf6 17. Qe5+ Ke7 18. Qg7 Qxb2 19. Qxf7+ Kd6 20. O-O
Rag8 21. Qf6 Bc6 22. Qxe6# 1-0

[Event "CAN-ch U20 U1800"]
[Site "Toronto CAN"]
[Date "2019.08.10"]
[Round "5.25"]
[White "Zhu, Ricky"]
[Black "Zhang, Henry X"]
[Result "0-1"]
[WhiteElo "1481"]
[BlackElo "1589"]
[PlyCount "84"]
[EventDate "2019.08.08"]
[EventType "swiss"]
[EventRounds "8"]
[EventCountry "CAN"]

1. e4 c5 2. c3 Nf6 3. e5 Nd5 4. d4 cxd4 5. cxd4 d6 6. Nf3 e6 7. a3 Nc6 8. Bc4
a6 9. Bxd5 exd5 10. Nc3 dxe5 11. dxe5 Be6 12. O-O Be7 13. Be3 b5 14. h3 O-O 15.
Rc1 Rc8 16. Ne2 Qd7 17. b4 a5 18. bxa5 Nxa5 19. Ned4 Nc4 20. Nxe6 fxe6 21. Qd3
Ra8 22. Ra1 Nxa3 23. Ng5 Bxg5 24. Bxg5 Nc4 25. Bd2 Nxe5 26. Qg3 Nc4 27. Bb4
Rxa1 28. Rxa1 Rc8 29. Qg4 Ne5 30. Qd4 Nc6 31. Qb2 Nxb4 32. Qxb4 e5 33. Qe1 Re8
34. Qd2 Kh8 35. Re1 d4 36. Qd3 Qd5 37. f3 b4 38. Rb1 Qc5 39. Kh2 Rb8 40. Qe2
Qd6 41. Kh1 d3 42. Qd2 b3 0-1

[Event "CAN-ch U20 U1800"]
[Site "Toronto CAN"]
[Date "2019.08.10"]
[Round "5.26"]
[White "Mugunthan, Vaamanan"]
[Black "Guo, Anni"]
[Result "1-0"]
[WhiteElo "1508"]
[BlackElo "1300"]
[PlyCount "71"]
[EventDate "2019.08.08"]
[EventType "swiss"]
[EventRounds "8"]
[EventCountry "CAN"]

1. e4 c5 2. Nf3 d6 3. d4 cxd4 4. Nxd4 Nf6 5. Nc3 g6 6. Be3 Bg7 7. Be2 Nbd7 8.
Qd2 a6 9. O-O O-O 10. Bh6 Nc5 11. Bxg7 Kxg7 12. Bf3 Qc7 13. h4 h5 14. Nd5 Nxd5
15. exd5 Nd7 16. Qg5 Nf6 17. Rfe1 Re8 18. Re2 Bg4 19. Bxg4 Nxg4 20. Nf5+ Kh7
21. f3 gxf5 22. Qxf5+ Kg7 23. Qg5+ Kh7 24. fxg4 hxg4 25. Qh5+ Kg7 26. Qxg4+ Kh7
27. Qe4+ Kg7 28. Qd4+ Kh7 29. Rf1 Rf8 30. Qe4+ Kg7 31. Qg4+ Kh8 32. Qh5+ Kg7
33. Rf3 Qc5+ 34. Kh2 Qd4 35. Rg3+ Kf6 36. Qg5# 1-0

[Event "CAN-ch U20 U1800"]
[Site "Toronto CAN"]
[Date "2019.08.10"]
[Round "5.27"]
[White "Yang, Larry"]
[Black "Wang, Andrew"]
[Result "1-0"]
[WhiteElo "1378"]
[BlackElo "1495"]
[PlyCount "79"]
[EventDate "2019.08.08"]
[EventType "swiss"]
[EventRounds "8"]
[EventCountry "CAN"]

1. e4 e5 2. Nf3 Nf6 3. Nxe5 d6 4. Nf3 Nxe4 5. Nc3 Nxc3 6. dxc3 Be7 7. Bd3 Nc6
8. h3 Be6 9. O-O O-O 10. Re1 Re8 11. Nh2 a6 12. Qh5 g6 13. Qf3 Bf8 14. Bd2 Bg7
15. Ng4 Bxg4 16. Qxg4 Ne5 17. Qg3 Qd7 18. h4 Nxd3 19. cxd3 Qb5 20. b3 Qf5 21.
Re3 Be5 22. Qf3 Qxf3 23. Rxf3 Re6 24. Re1 Rae8 25. Rfe3 Kf8 26. g3 c5 27. Kg2
f5 28. d4 Rd8 29. Bc1 Rde8 30. Ba3 Kf7 31. dxe5 dxe5 32. Bxc5 Kf6 33. c4 b6 34.
Bb4 a5 35. Bc3 h6 36. f4 g5 37. hxg5+ hxg5 38. Rxe5 Rxe5 39. Rxe5 Rxe5 40.
Bxe5+ 1-0